ユニオンジャックが含まれる旗 - Statistics

General Stats
  • This quiz has been taken 94 times
  • The average score is 5 of 15
Answer Stats
Picture Answer % Correct
ニュージーランド王国
100%
オーストラリア連邦
99%
フィジー共和国
78%
ツバル
76%
クック諸島
68%
ニウエ
61%
ハワイ州
33%
オンタリオ州
7%
マニトバ州
6%
ニューサウスウェールズ州
3%
ビクトリア州
3%
クイーンズランド州
3%
西オーストラリア州
3%
南オーストラリア州
2%
タスマニア州
2%
No matching quizzes found
Score Distribution
Percent of People with Each Score
Percentile by Number Answered
Your Score History
You have not taken this quiz